[Event "GER M07-C email"]
[Site "GER email"]
[Date "2018.06.19"]
[Round "?"]
[White "Gonzaga Grego, Luis Jose"]
[Black "Schulz, Guenter"]
[Result "1/2-1/2"]
[WhiteElo "2403"]
[BlackElo "2411"]
[PlyCount "61"]
[EventDate "2018.??.??"]
[EventType "tourn (corr)"]
[EventRounds "10"]
[EventCountry "GER"]
[SourceTitle "Corr 2020"]
[Source "ChessBase"]
[SourceDate "2019.09.30"]
[SourceVersion "1"]
[SourceVersionDate "2019.09.30"]
[SourceQuality "1"]

1. d4 Nf6 2. c4 g6 3. Nc3 d5 4. cxd5 Nxd5 5. e4 Nxc3 6. bxc3 Bg7 7. Bc4 c5 8. Ne2 0-0 9. 0-0 Nc6 10. Be3 Qc7 11. Rc1 Rd8 12. Bf4 Qd7 13. d5 Ne5 14. Bxe5 Bxe5 15. f4 Bg7 16. a4 b6 17. Qb3 Rb8 18. Rb1 a6 19. e5 Bb7 20. Qxb6 Bxd5 21. Qxa6 Ra8 22. Qb5 Bxc4 23. Qxc4 Rxa4 24. Qxc5 e6 25. Qb5 Qxb5 26. Rxb5 Rd2 27. Re1 Bh6 28. Rb8+ Bf8 29. Kf2 Kg7 30. Rb5 Rc4 31. Ke3 1/2-1/2